Star Wars : La Revanche des Sith - Statistiques

Statistiques générales
  • Ce quiz a été pris 105 fois
  • Le résultat moyen est 9 sur 10
Statistiques - réponses
Question Réponse % Correct
Ta colère et ta soif de pouvoir s’en sont déjà chargés… Tu as laissé ce seigneur noir des Siths corrompre ton cœur. À tel point que tu es devenu très exactement tout ce que tu avais juré de combattre. Obi-Wan Kenobi
100%
Tu étais l'élu c'était toi. La prophétie voulait que tu détruises les Sith pas que tu deviennes comme eux ! Obi-Wan Kenobi
100%
En tout cas pas tant que mon mot à dire j’aurai ! … À son terme ton règne est arrivé… et grand temps il était ! Yoda
99%
Exécutez l’ordre 66. Dark Sidious
98%
Tout est fini pour vous maître. Anakin Skywalker
97%
Est-ce que tu connais l’histoire tragique de Dark Plagueis le Sage ? Chancelier Palpatine
95%
C’est parce que je suis amoureuse ! [...] Quoi c’est l’amour qui te rend aveugle ? Padmé Amidala
95%
Ainsi s’éteint la liberté. Sous des applaudissements. Padmé Amidala
85%
La peur de perdre l’autre mène au côté obscur de la force. Yoda
64%
D’après vos exploits je vous imaginais un peu plus âgé. Général Grievous
59%
Aucun quiz correspondant
Distribution des résultats
% des personnes avec chaque résultat
Percentile par nombre de réponses
Votre historique - résultats
Vous n’avez pas pris ce quiz